Spot the Difference XIX Quiz Stats

 Plays Quiz Updated Sep 20, 2017

Challenge
Share
Tweet
Score 0/5 Timer 03:00
1 Play Today
% Correct
Difference 4
96.1%
Difference 3
87.9%
Difference 1
75%
Difference 2
63.2%
Difference 5
47.3%

You're not logged in!

Compare scores with friends on all Sporcle quizzes.
OR
Log In

You Might Also Like...

Show Comments

Extras

Top Quizzes Today


Score Distribution

Your Account Isn't Verified!

In order to create a playlist on Sporcle, you need to verify the email address you used during registration. Go to your Sporcle Settings to finish the process.

Report this User

Report this user for behavior that violates our Community Guidelines.

Details: